[Event "6. Lovsprings EMT Basis 3 1994"]
[Site "Ringsted"]
[Date "1994.04.24"]]
[Round "4"]
[White "van Dijk, Thomas"]
[Black "van Dijk, Jan"]
[Result "1-0"]
[WhiteElo "1537"]
[BlackElo "1505"]
[PlyCount "45"]
[EventDate "1994.??.??"]

1. e4 e5 2. Nf3 Nc6 3. Bc4 Bc5 4. d3 Nf6 5. Bg5 O-O 6. Nc3 d6 7. Nd5 Bg4 8.
Nxf6+ gxf6 9. Bh6 Re8 10. Qd2 Ne7 11. h3 Be6 12. Bxe6 fxe6 13. g4 Kf7 14. g5
Ng8 15. Rg1 Nxh6 16. gxh6 Rg8 17. O-O-O Qf8 18. Rxg8 Qxg8 19. Rg1 Qh8 20. Rg7+
Ke8 21. Rxc7 b5 22. Qe1 d5 23. Rxc5 1-0

[Event "6. Lovsprings EMT Basis 3 1994"]
[Site "Ringsted"]
[Date "1994.05.01"]]
[Round "5"]
[White "Hansen, Ole"]
[Black "Jensen, Soren"]
[Result "1/2-1/2"]
[WhiteElo "1463"]
[BlackElo "1534"]
[PlyCount "76"]
[EventDate "1994.??.??"]

1. d4 Nf6 2. Nf3 d6 3. c4 Bg4 4. Nc3 g6 5. Bg5 Bg7 6. e3 O-O 7. Bd3 Nbd7 8. h3
Bxf3 9. gxf3 c5 10. d5 Ne5 11. Be2 a6 12. Bxf6 exf6 13. f4 Nd7 14. f5 Re8 15.
fxg6 fxg6 16. h4 Re5 17. h5 Qf8 18. hxg6 hxg6 19. Qc2 f5 20. O-O-O Qf6 21. Rdg1
Kf7 22. Rh3 Rh8 23. Rhg3 Nf8 24. Kb1 Rh2 25. Rf3 Qh4 26. Rf4 Qh6 27. Qd1 Rh4
28. Rxh4 Qxh4 29. Qf1 Re7 30. Qg2 Bxc3 31. bxc3 Qe4+ 32. Qxe4 Rxe4 33. Kc2 Nd7
34. Rh1 Kg7 35. Bd3 Rg4 36. Rb1 b6 37. Kd2 Rh4 38. a4 a5 1/2-1/2

[Event "6. Lovsprings EMT Basis 3 1994"]
[Site "Ringsted"]
[Date "1994.05.01"]]
[Round "5"]
[White "Nielsen, Carl Otto"]
[Black "Aage, Bjarke Gadgaard"]
[Result "1-0"]
[WhiteElo "1547"]
[BlackElo "1502"]
[PlyCount "31"]
[EventDate "1994.??.??"]

1. b4 e5 2. Bb2 f6 3. e4 Bxb4 4. Bc4 Ne7 5. Qh5+ Ng6 6. Nf3 Nc6 7. Nh4 Nce7 8.
Nf5 Kf8 9. O-O b5 10. Bb3 Qe8 11. d4 d6 12. dxe5 dxe5 13. Nc3 Bxc3 14. Bxc3
Nxf5 15. exf5 Nf4 16. Bb4+ 1-0

[Event "6. Lovsprings EMT Basis 3 1994"]
[Site "Ringsted"]
[Date "1994.05.01"]]
[Round "5"]
[White "Petersen, Torben William"]
[Black "Christiansen, Kay Verner"]
[Result "1/2-1/2"]
[WhiteElo "1438"]
[BlackElo "1532"]
[PlyCount "118"]
[EventDate "1994.??.??"]

1. d4 d5 2. Nf3 Nc6 3. e3 Nf6 4. Nbd2 Bd7 5. Bd3 Nb4 6. Be2 Bf5 7. Bb5+ c6 8.
Ba4 b5 9. Bb3 a5 10. c3 Nd3+ 11. Kf1 Nxc1 12. Rxc1 e6 13. Ne5 Rc8 14. f4 Nd7
15. Nxd7 Qxd7 16. Nf3 f6 17. a3 Qf7 18. Bc2 Bg4 19. Kf2 Qh5 20. h3 Bxf3 21.
Qxf3 Qxf3+ 22. Kxf3 c5 23. Rhe1 Kf7 24. g3 Bd6 25. h4 g6 26. Bd3 c4 27. Bb1 b4
28. a4 bxc3 29. bxc3 Rb8 30. Ba2 Rb2 31. Re2 Rhb8 32. Rcc2 Ba3 33. e4 Rxc2 34.
Rxc2 Rb2 35. Re2 dxe4+ 36. Ke3 Rxe2+ 37. Kxe2 Bc1 38. Bxc4 e3 39. Bd3 Bb2 40.
Kxe3 Bxc3 41. Bc4 Ke7 42. d5 e5 43. fxe5 Bxe5 44. g4 Kd6 45. Ke4 Kc5 46. Bb5 h6
47. g5 hxg5 48. hxg5 Bb2 49. gxf6 Bxf6 50. Bc6 Be7 51. Ke5 Bd6+ 52. Kf6 Bc7 53.
Kxg6 Bh2 54. Kf6 Kd6 55. Kf5 Be5 56. Ke4 Bc3 57. Kd3 Be1 58. Kc4 Bb4 59. Kb5
Be1 1/2-1/2

[Event "6. Lovsprings EMT Basis 3 1994"]
[Site "Ringsted"]
[Date "1994.05.01"]]
[Round "5"]
[White "Sejersen, Villum"]
[Black "Svava, Mogens"]
[Result "1/2-1/2"]
[WhiteElo "1467"]
[BlackElo "1487"]
[PlyCount "105"]
[EventDate "1994.??.??"]

1. c4 c5 2. Nc3 Nc6 3. Nf3 e6 4. b3 Nf6 5. Bb2 Be7 6. e3 d6 7. d4 cxd4 8. exd4
d5 9. c5 O-O 10. Be2 Bd7 11. O-O Rb8 12. Rc1 Qa5 13. a3 Rfc8 14. b4 Qd8 15. Re1
Qf8 16. Bd3 Ne8 17. Ne5 Nxe5 18. dxe5 Nc7 19. Ne2 Qe8 20. Nd4 Nb5 21. Nxb5 Bxb5
22. Qc2 Bxd3 23. Qxd3 Rc7 24. Bd4 Rbc8 25. Rc3 b6 26. cxb6 Rxc3 27. Bxc3 Qc6
28. Bd4 axb6 29. g3 b5 30. Rd1 Qa6 31. Qb3 Rc4 32. f4 Bd8 33. Kg2 Bb6 34. Bxb6
Qxb6 35. Qf3 g6 36. Rd2 Rc1 37. Qf2 Qxf2+ 38. Kxf2 Rc3 39. Ra2 Kf8 40. a4 bxa4
41. b5 a3 42. b6 Rb3 43. b7 Rxb7 44. Rxa3 Rb2+ 45. Kg1 Rb7 46. Rd3 Ke7 47. Kg2
Kd8 48. h4 h5 49. Kf3 Kc7 50. Rc3+ Kb8 51. Ke3 Rb4 52. Kd3 Kb7 53. Ra3 1/2-1/2

[Event "6. Lovsprings EMT Basis 3 1994"]
[Site "Ringsted"]
[Date "1994.05.08"]]
[Round "6"]
[White "Aage, Bjarke Gadgaard"]
[Black "Sejersen, Villum"]
[Result "1-0"]
[WhiteElo "1502"]
[BlackElo "1467"]
[PlyCount "57"]
[EventDate "1994.??.??"]

1. d4 d5 2. c4 dxc4 3. e4 Nf6 4. e5 Nd5 5. Bxc4 e6 6. Nc3 c6 7. Nge2 Nd7 8. Bd2
N7b6 9. Bb3 Be7 10. O-O Bd7 11. Rc1 Rc8 12. f4 c5 13. Nxd5 Nxd5 14. Bxd5 exd5
15. f5 cxd4 16. Rxc8 Qxc8 17. f6 Bc5 18. Nf4 gxf6 19. exf6 Qc6 20. b4 Bb6 21.
Qe2+ Be6 22. Kh1 Kd7 23. Rc1 Qa4 24. Nxd5 Bd8 25. Nf4 Bxf6 26. Qf3 Be5 27.
Qxb7+ Kd8 28. Nxe6+ fxe6 29. Rc8# 1-0

[Event "6. Lovsprings EMT Basis 3 1994"]
[Site "Ringsted"]
[Date "1994.05.08"]]
[Round "6"]
[White "Hagen, Flemming"]
[Black "Pedersen, Henning Hyldegaard"]
[Result "1-0"]
[WhiteElo "1459"]
[BlackElo "1500"]
[PlyCount "83"]
[EventDate "1994.??.??"]

1. f4 b6 2. e4 e6 3. d4 Bb7 4. Bd3 Nf6 5. Qe2 Bb4+ 6. c3 Be7 7. Nf3 d5 8. e5
Nfd7 9. O-O a5 10. Be3 Ba6 11. Bxa6 Rxa6 12. Nbd2 c5 13. a3 c4 14. Ng5 h6 15.
Nh3 Nc6 16. Qg4 g6 17. Rf2 h5 18. Qf3 b5 19. Ng5 Bxg5 20. fxg5 Qe7 21. Raf1 Rf8
22. Qg3 b4 23. Nb1 Nd8 24. Qf3 Rb6 25. g4 Rh8 26. h4 Qf8 27. Kg2 Qe7 28. Rc2
Rb7 29. Bd2 Nc6 30. Qf4 Rh7 31. Be1 bxa3 32. Nxa3 a4 33. Kg3 Qf8 34. Nb1 Qh8
35. gxh5 gxh5 36. Kh3 Qg7 37. Bg3 Nf8 38. Rcf2 Nd8 39. Qf3 Ke7 40. Na3 Ke8 41.
Ra1 Nc6 42. Nxc4 1-0

[Event "6. Lovsprings EMT Basis 3 1994"]
[Site "Ringsted"]
[Date "1994.05.08"]]
[Round "6"]
[White "Hojlund, Ib"]
[Black "Hansen, Ole"]
[Result "1-0"]
[WhiteElo "1540"]
[BlackElo "1463"]
[PlyCount "77"]
[EventDate "1994.??.??"]

1. e4 d5 2. exd5 Qxd5 3. Nc3 Qa5 4. d4 c6 5. Nf3 Bg4 6. Be2 e6 7. a3 Nf6 8. O-O
Nbd7 9. b4 Bxb4 10. Na2 Bxa3 11. Bd2 Qc7 12. Nc3 Bb2 13. Rb1 Bxc3 14. Bxc3 Ne4
15. Ba1 Ndf6 16. h3 Bf5 17. Ne5 Nd5 18. Rb3 Nf4 19. Bf3 Rd8 20. Qe1 Ng5 21. Qb1
Rb8 22. Bxc6+ Ke7 23. Rxb7 Rxb7 24. Bxb7 Bxc2 25. Qb4+ Kf6 26. Qd2 Ngxh3+ 27.
gxh3 Nxh3+ 28. Kh2 Qxb7 29. Qxc2 Nf4 30. Ng4+ Kg5 31. Rg1 h5 32. Ne5+ Kh6 33.
f3 Rc8 34. Nxf7+ Qxf7 35. Qxc8 Ng6 36. Qc1+ Kh7 37. Qe3 Qc7+ 38. Kh1 Nf4 39. d5
1-0

[Event "6. Lovsprings EMT Basis 3 1994"]
[Site "Ringsted"]
[Date "1994.05.08"]]
[Round "6"]
[White "Jensen, Soren"]
[Black "Moller, Claus"]
[Result "1/2-1/2"]
[WhiteElo "1534"]
[BlackElo "1482"]
[PlyCount "32"]
[EventDate "1994.??.??"]

1. Nf3 d5 2. c4 dxc4 3. Qa4+ Bd7 4. Qxc4 Nc6 5. b3 e6 6. Bb2 Nf6 7. g3 Bd6 8.
Bg2 h6 9. O-O g5 10. Qc3 e5 11. d4 exd4 12. Nxd4 Be5 13. Qd2 Bxd4 14. Bxd4 Nxd4
15. Qxd4 c6 16. Nc3 Be6 1/2-1/2

[Event "6. Lovsprings EMT Basis 3 1994"]
[Site "Ringsted"]
[Date "1994.05.08"]]
[Round "6"]
[White "Petersen, Torben William"]
[Black "Pedersen, Jens Peter Fischer"]
[Result "0-1"]
[WhiteElo "1438"]
[BlackElo "1523"]
[PlyCount "66"]
[EventDate "1994.??.??"]

1. d4 f5 2. Bg5 Nf6 3. Bxf6 exf6 4. Nf3 d5 5. e3 Bd6 6. Bd3 c5 7. c3 c4 8. Bc2
Nc6 9. O-O Be6 10. Nbd2 Qc7 11. Re1 g5 12. h3 h5 13. e4 fxe4 14. Nxe4 dxe4 15.
Bxe4 O-O-O 16. Bxc6 Qxc6 17. Rxe6 Bh2+ 18. Nxh2 Qxe6 19. Qf1 Rde8 20. Nf3 g4
21. Re1 Qd5 22. Rxe8+ Rxe8 23. hxg4 hxg4 24. Nh2 f5 25. Qd1 Rh8 26. Nf1 Kb8 27.
Ne3 Qd6 28. g3 Qe6 29. d5 Qh6 30. Kf1 Qh1+ 31. Ke2 Qf3+ 32. Ke1 Rh1+ 33. Nf1
Rxf1+ 0-1

[Event "6. Lovsprings EMT Basis 3 1994"]
[Site "Ringsted"]
[Date "1994.05.08"]]
[Round "6"]
[White "Svava, Mogens"]
[Black "Nielsen, Carl Otto"]
[Result "0-1"]
[WhiteElo "1487"]
[BlackElo "1547"]
[PlyCount "90"]
[EventDate "1994.??.??"]

1. Nf3 d5 2. d4 Nf6 3. g3 c6 4. Bg2 Bf5 5. O-O e6 6. Re1 Be7 7. Nbd2 h6 8. c3
Nbd7 9. Nb3 O-O 10. Nfd2 Nb6 11. e4 dxe4 12. Nxe4 Nbd5 13. f3 b5 14. a3 Qb6 15.
Kh1 Rad8 16. Qe2 a5 17. Bd2 Nd7 18. c4 bxc4 19. Qxc4 Rb8 20. Nxa5 Qxb2 21. Nxc6
Rfc8 22. Nxe7+ Nxe7 23. Qd3 Rb3 24. Qb1 Rc2 25. Qxb2 Rbxb2 26. Bb4 Nd5 27. Bf1
Rxh2+ 28. Kg1 Bh3 29. Bd2 f5 30. Kxh2 Bxf1 31. Rxf1 fxe4 32. Rf2 exf3 33. Be1
Rb3 34. a4 N7f6 35. Rd2 Ng4+ 36. Kh3 h5 37. a5 Nc7 38. a6 g5 39. a7 Kf7 40.
a8=Q Nxa8 41. Rxa8 Rb1 42. Ra7+ Kf6 43. Ra8 Rxe1 44. Rf8+ Kg7 45. Rxf3 Rh1+ 0-1

[Event "6. Lovsprings EMT Basis 3 1994"]
[Site "Ringsted"]
[Date "1994.05.22"]]
[Round "7"]
[White "Aage, Bjarke Gadgaard"]
[Black "Christiansen, Kay Verner"]
[Result "1/2-1/2"]
[WhiteElo "1502"]
[BlackElo "1532"]
[PlyCount "30"]
[EventDate "1994.??.??"]

1. d4 e6 2. e4 c5 3. d5 exd5 4. exd5 Qe7+ 5. Be2 d6 6. Nf3 Nf6 7. O-O Qd8 8.
Bg5 Be7 9. c4 h6 10. Bh4 g5 11. Bg3 g4 12. Nfd2 h5 13. Nc3 h4 14. Bf4 Nh5 15.
Be3 f5 1/2-1/2

[Event "6. Lovsprings EMT Basis 3 1994"]
[Site "Ringsted"]
[Date "1994.05.22"]]
[Round "7"]
[White "Hansen, Ole"]
[Black "Hagen, Flemming"]
[Result "1-0"]
[WhiteElo "1463"]
[BlackElo "1459"]
[PlyCount "93"]
[EventDate "1994.??.??"]

1. d4 f5 2. Nf3 Nf6 3. c4 e6 4. Bg5 Be7 5. Nc3 d6 6. e3 Nbd7 7. Bd3 O-O 8. h4
Ng4 9. Qc2 h6 10. Bf4 Qe8 11. Nh2 Nxh2 12. Rxh2 a6 13. O-O-O Nf6 14. Rg1 Bd7
15. Be2 b5 16. c5 b4 17. Nb1 dxc5 18. dxc5 Nd5 19. Be5 Ba4 20. b3 Bb5 21. g4
Bf6 22. Bxf6 Rxf6 23. g5 hxg5 24. hxg5 Rf8 25. g6 Rf6 26. Rgh1 Qxg6 27. Rh8+
Kf7 28. Bh5 Rxh8 29. Bxg6+ Rxg6 30. Rxh8 Rg1+ 31. Kb2 Rg2 32. Rh3 g5 33. e4 Nf4
34. Rh7+ Kg6 35. Rxc7 Rxf2 36. Nd2 Bd3 37. exf5+ Kxf5 38. Qd1 Kf6 39. Ka1 Nd5
40. Ra7 Ne3 41. Qc1 g4 42. Rxa6 Nc2+ 43. Kb2 g3 44. Ra8 Ke7 45. Ra7+ Kd8 46.
Qh1 Rh2 47. Qa8# 1-0

[Event "6. Lovsprings EMT Basis 3 1994"]
[Site "Ringsted"]
[Date "1994.05.22"]]
[Round "7"]
[White "Madsen, Tino"]
[Black "Petersen, Torben William"]
[Result "1-0"]
[WhiteElo "1498"]
[BlackElo "1438"]
[PlyCount "36"]
[EventDate "1994.??.??"]

1. e4 e6 2. d4 d5 3. Nc3 dxe4 4. Nxe4 Nf6 5. Bd3 Nc6 6. c3 e5 7. Nxf6+ Qxf6 8.
d5 Ne7 9. Bb5+ c6 10. dxc6 Nxc6 11. Nf3 h6 12. O-O Bd7 13. Bxc6 Bxc6 14. Nxe5
Qxe5 15. Re1 Be4 16. Qa4+ Kd8 17. Rxe4 Qd6 18. Rd4 b5 1-0

[Event "6. Lovsprings EMT Basis 3 1994"]
[Site "Ringsted"]
[Date "1994.05.22"]]
[Round "7"]
[White "Pedersen, Henning Hyldegaard"]
[Black "Jensen, Soren"]
[Result "0-1"]
[WhiteElo "1500"]
[BlackElo "1534"]
[PlyCount "55"]
[EventDate "1994.??.??"]

1. d4 Nf6 2. Nc3 d6 3. e4 Nbd7 4. f4 e6 5. Nf3 Be7 6. Be2 O-O 7. O-O b6 8. e5
Nd5 9. Nxd5 exd5 10. Be3 Bb7 11. f5 Re8 12. Qd2 dxe5 13. dxe5 Bf8 14. Bf4 Qc8
15. Bd3 Nc5 16. Rae1 Nxd3 17. Qxd3 Ba6 18. Qxd5 Bxf1 19. Rxf1 Qxf5 20. Ng5 Bc5+
21. Kh1 Rf8 22. Qc4 h6 23. Be3 Qg6 24. Bxc5 bxc5 25. Ne4 Rab8 26. Nxc5 Rxb2 27.
e6 Rxc2 28. Qe4 0-1

[Event "6. Lovsprings EMT Basis 3 1994"]
[Site "Ringsted"]
[Date "1994.05.22"]]
[Round "7"]
[White "Sejersen, Villum"]
[Black "Hojlund, Ib"]
[Result "0-1"]
[WhiteElo "1467"]
[BlackElo "1540"]
[PlyCount "64"]
[EventDate "1994.??.??"]

1. c4 c5 2. Nc3 Nc6 3. Nf3 e5 4. e3 Nf6 5. d3 d6 6. Be2 Be7 7. b3 b6 8. Bb2 O-O
9. O-O h6 10. Qd2 Bb7 11. Rad1 Qc7 12. Qc1 Rad8 13. Rd2 Rfe8 14. Rfd1 Qb8 15.
Qb1 Rd7 16. d4 e4 17. Ne1 cxd4 18. exd4 d5 19. Nc2 Nb4 20. Ne3 Bd6 21. h3 Bf4
22. Bf1 Bxe3 23. fxe3 Qg3 24. Re1 Nd3 25. Ree2 Nh7 26. Nd1 Ng5 27. Kh1 Rd6 28.
Ba3 Rg6 29. Nf2 Nf3 30. Ng4 Rxg4 31. Bd6 Qxh3+ 32. gxh3 Rg1# 0-1